000 00354pab a2200145 454500
008 180718b2001 xxu||||| |||| 00| 0 eng d
100 _aBhaumik, T.K.
245 _aImplications of China's entry into WTO
260 _c2001
300 _ap.78-83
362 _aOct-Dec
650 _aWorld Trade Organization
773 _aWorld Affairs
909 _a51412
999 _c51412
_d51412